000 00647nam a22002297a 4500
003 UA-OsUOA
001 29273
007 ta
008 20041006b un ||||| |||| 00| 0 ukr d
090 _a811.161.2(091)
_bО-11
942 _cBK
040 _aUA-OsUOA
_bukr
_cUA-OsUOA
_dUA-OsUOA
245 _aО. О. Потебня і проблеми сучасної філології
_cРед. В. Ю.Франчук Б. М.Ажнюк В.О.Гречко
300 _a246 с.
955 _a0
041 _aukr
080 _a811.161.2(091)
260 _aКиїв
_bНаукова думка
_c1992
044 _aUA
650 7 _2UDC
999 _c315655
_d315655